000 01273pam a2200421 i 4500
001 vtls000764962
003 PNM
005 20200714144327.0
008 150226s2015 my e 000 j may
015 _aM15-06755
020 _a9789670798943
_qpaperback
_c25.00
039 9 _a201507301249
_baznah
_c201506240914
_dnooraini
_c201506111608
_dnorsyahiza
_c201502261536
_dnorhidayah
040 _aBNM
_beng
_cBNM
_dBNM
_dPNM
_dPPAK
_erda
049 _aklpmal
082 0 4 _a899.233010803
_223
090 0 0 _a899.233010803
_bJAS
_dG
100 0 _aJasni Matlani,
_d1962-
_eauthor.
245 1 0 _aKUMPULAN CERPEN :
_bPEMBUNUH ANARKI /
_cJASNI MATLANI
264 1 _aKuala Lumpur :
_bInstitut Terjemahan & Buku Malaysia,
_c2015
300 _axi, 129 pages ;
_c19 cm
336 _atext
_2rdacontent
337 _aunmediated
_2rdamedia
338 _avolume
_2rdacarrier
650 1 0 _aShort stories, Malay
942 _2ddc
_cB
949 _63000039263
_a899.233010803 JAS M
949 _63000039262
_a899.233010803 JAS M
949 _61001316243
949 _61001316244
949 _61001316245
949 _61001316246
949 _61001316247
949 _61001316248
949 _61001316249
949 _61001316250
949 _61001316251
949 _61001316252
999 _c178191
_d178191